Regional Inequality and Decentralisation of China's Tourism Industry
Enregistré dans:
| Auteur principal: | |
|---|---|
| Autres auteurs: | |
| Format: | Livre |
| Langue: | anglais |
| Publié: |
Brisbane
The University of Queensland
1996
|
| Édition: | 1. ed. |
| Collection: | Discussion Paper
No. 194 |
| Sujets: | |
| Tags: |
Pas de tags, Soyez le premier à ajouter un tag!
|
MARC
| LEADER | 00000nam a2200000 4500 | ||
|---|---|---|---|
| 001 | c019232 | ||
| 005 | 20221205125608.7 | ||
| 041 | 0 | |a eng | |
| 044 | |a AU | ||
| 245 | 1 | 0 | |a Regional Inequality and Decentralisation of China's Tourism Industry |c Jie Wen, Clem Tisdell |
| 250 | |a 1. ed. | ||
| 264 | 1 | |a Brisbane |b The University of Queensland |c 1996 | |
| 300 | |a 30 s. | ||
| 490 | 1 | |a Discussion Paper |v No. 194 | |
| 830 | 0 | |a Discussion Paper |v No. 194 | |
| 610 | 2 | 0 | |a ruch cestovný |
| 610 | 2 | 0 | |a ruch cestovný medzinárodný |
| 610 | 2 | 0 | |a ruch cestovný zahraničný |
| 610 | 2 | 0 | |a ruch cestovný domáci |
| 610 | 2 | 0 | |a Čína |
| 100 | 1 | |a Wen, Jie | |
| 700 | 1 | |a Tisdell, Clem | |